| 000 | 00798cam a2200205 a 4500 | ||
|---|---|---|---|
| 082 | 0 | 4 |
_a693.1021873 _bBUI _cM-38, P-105 |
| 100 | 1 |
_aMSJC _936314 |
|
| 110 |
_aMasonry standers joint commitee _936315 |
||
| 245 | 1 | 0 |
_aBuilding code requirement for masonry structures _bACI 530-05/TMS 402-05 _cSteve Thomas ; International Code Council. |
| 260 |
_aClifton Park, N.Y. : _bDelmar Cengage Learning, _cnd |
||
| 526 |
_a0 _b0 _c0 _d693_102187300000000_BUI |
||
| 526 |
_a0 _b0 _c0 _d693_102187300000000_BUI |
||
| 650 | 0 |
_aBuildings _xStandards. _bMCE _936316 |
|
| 650 | 0 |
_aConstruction industry _xStandards. _936317 |
|
| 650 | 0 |
_aHouse construction _xStandards. _936318 |
|
| 650 | 0 | _aStandards, Engineering. | |
| 710 | 2 |
_aBooks24x7, Inc. _925470 |
|
| 710 | 2 |
_aInternational Code Council. _926252 |
|
| 942 |
_2ddc _cBK |
||
| 999 |
_c541443 _d541443 |
||